000 00551nam a2200193 u 4500
005 20241129063744.0
008 151105s2006 r 000 0 eng d
020 _a9685950183
035 _aUPN01000206590
049 _aI
050 4 _aPZ74.3
_bP3.63
100 1 _aPalavicini, Teresa
_938472
245 0 0 _aPalabras de tierra /
_cTeresa palavicini ; il. Rey David Rojas García.
260 _aMéxico :
_bSerpentina,
_c2006.
300 _a31 p. :
_bil. col.
440 0 _aPalabrario
650 4 _aPoesía infantil mexicana
_91260
905 _aLibro
999 _c178691
_d178691